| 000 | 01437 a2200241 4500 | ||
|---|---|---|---|
| 001 | 1974 | ||
| 005 | 20260407155422.0 | ||
| 008 | 260407a2006 arg spa d | ||
| 003 | AR-UNSa-BCEJYS | ||
| 040 |
_aAR-UNSa-BCEJYS _bspa _cAR-UNSa-BCEJYS |
||
| 080 |
_a339.96 _xAyuda al desarrollo como forma de cooperación económica |
||
| 245 | 1 | 0 |
_aEl banquero de los pobres _plos microcréditos y la batalla contra la pobreza en el mundo |
| 020 | _a978-950-12-6437-1 | ||
| 250 | _a1a. ed. | ||
| 264 | 1 |
_aBuenos Aires : _bPaidós _c2006 |
|
| 300 |
_a277 p. _c23 cm. |
||
| 505 | _a1. Boxirhat Road, nº 20, Chittagong - 2. Un bengalí en Estados Unidos - 3. De vuelta en Chittagong - 4. Las fabricantes de taburetes de la aldea de Jobra - 5. Nace un proyecto piloto - 6. La expansión traspasa los límites de Jobra: Tangail - 7. Nace un banco para los pobres - 8. Crecimiento y nuevos retos del banco para los pobres: 1984-1990 - 9. Aplicaciones en otros países pobres - 10. Aplicaciones en Estados Unidos y en otros países ricos - 11. Grameen en la década de 1990 - 12. Más allá del microcrédito: una nueva constelación de empresas Grameen - 13. El Banco Grameen II - 14. El futuro | ||
| 942 | _cBK | ||
| 590 | _aniveau_biblio:m niveau_hierar:0 | ||
| 100 | 1 | _aYunus, Muhammad | |
| 700 | 1 | _aJolis, Alan | |
| 856 | 4 | 1 |
_uhttps://biblioeco.unsa.edu.ar/pmb/images/libros/El Banquero de los pobres-l118285.jpg _yImagen de portada _qimage/jpeg |
| 999 |
_c243 _d243 |
||